00518nam a2200181 a 450000100060000000300090000600800410001502000150005604000280007108200180009910000230011724500570014026000450019730000110024265000340025365000310028765000180031817942CO-ViMGA141112s2004 ck r 000 u spa d a8489970726 aCO-ViMGAbspacCO-ViMGA04a327.174 R653d1 aRomeva Rueda, Raul10aDesarme y desarrollo . Claves para armar conciencias aBarcelona (España), cIntermon, c2001 a149.p.14aDESARME - ASPECTOS ECONOMICOS14aEVOLUCION SOCIAL DE LA PAZ14aGLOBALIZACION